1615 1371 1674 1230 1429 1985 1052 1860 1836 1008 1678 1558 1600 1988 1356 1335 1107 1768 1985 1039 1917 1008 1482 1414 1797 1548 1802 1989 1781 1014 1756 1108 1056 1645 1875 1455 1709 1760 1331 1508 1596 1602 1161 1799 1566 1079 1163 1184 1064 1261 1514 1731 1179 1414 1665 1638 1979 1659 1830 1081 1271 1718 1349 1655 1732 1352 1632 1469 1574 1321 1805 1500 1199 1924 1616 1425 1165 1321 1044 1928 1893 1021 1363 1334 1373 1176 1615 1962 1834 1842 1890 1336 1409 1570 1634 1229 1778 1049 1742 BCNSPRNW ULIB Ver.6.0+V

เปลี่ยนเป็นภาษาไทย

Change to English
 แสดงรายละเอียดบรรณานุกรม
  กลับหน้าหลัก

Brief Record : Get Marc (ISO 2709) : E-mail record : QR code < ปิดหน้าต่าง
LEADER : 00000nam 2200000uu 4500
001    13399120684
003     ULIB
008    121004s2551||||th 000 0 tha d
020    ^a9789740636502
050 04 ^aBF637^bข251ก
100 1  ^aโจนส์, ลอรี่ เบธ
245 10 ^aกลยุทธ์อ่านใจคน จากพลังธาตุทั้งสี่ /^cลอรี่ เบธ โจนส์ ; ขวัญดวง แซ่เตีย,แปล
250    ^aพิมพ์ครั้งที่ 2
260    ^aกรุงเทพฯ :^bดีเอ็มจี,^c2551
300    ^a375 หน้า
650  4 ^aการทำนายลักษณะ
700 0  ^aขวัญดวง แซ่เตีย
945    ^p320^l0^i15255
995    ^aวิภา
999 ^a ใช้งานได้ทุกระบบ
รายการนี้ยังไม่มีแท็ก
คุณยังไม่ได้ล็อกอิน คุณสามารถมีกิจกรรมร่วมกับเว็บไซต์ได้ แต่ต้องล็อกอินก่อน ::
  ล็อกอิน

รายการสื่อสารสนเทศ

ลำดับที่ ประเภท เลขเรียก/บาร์โค้ด สถานที่ สถานะ
1. วิทยาศาสตร์การแพทย์ และสุขภาพ
วิทยาศาสตร์การแพทย์ และสุขภาพ
BF637 ข251ก  
  Barcode: 15255
ห้องสมุดวิทยาเขตสวรรค์ประชารักษ์
►หนังสือทั่วไป
บนชั้น

รายการใกล้เคียง
    ผู้แต่ง [โจนส์, ลอรี่ เบธ]

    หัวเรื่อง [การทำนายลักษณะ]

BibComment


ยังไม่เคยถูกคอมเมนท์

คอมเมนท์ทรัพยากรรายการนี้
  คอมเมนท์: กลยุทธ์อ่านใจคน ..


 Copyright 2026. Bcnsprnw @Library